Statistiken für Deutsche NBA-Spieler

Klicken Sie hier um das Quiz zu spielen!

Allgemein

  • Dieses Quiz wurde 1.034 mal gespielt
    (1.030 seit der letzten Aktualisierung)
  • Das Durchschnittsergebnis liegt bei 8 aus 19

Antwortstatistiken

ZeitraumTeamsAnzahl
Spiele
Punkte
pro Spiel
Name% Korrekt
1998-2019Mavs1.55220,7Dirk Nowitzki
98%
seit 2013Hawks, Thunder,
Lakers, Celtics,
Rockets, Lakers,
Raptors
68714,0Dennis Schröder
97%
seit 2021Magic15916,9Franz Wagner
86%
seit 2018Lakers, Wizards,
Celtics, Magic
2538,2Moritz Wagner
86%
seit 2017Celtics, Bulls,
Rockets, Pacers
3137,6Daniel Theis
71%
seit 2017Mavs3637,0Maxi Kleber
66%
1985-2001Mavs, Pacers,
Sonics, Blazers
1.13613,9Detlef Schrempf
53%
seit 2018Rockets, Nuggets,
Cavs, Clippers,
Knicks
2475,5Isaiah Hartenstein
53%
2018-2022Lakers, Wizards,
Raptors
1433,1Isaac Bonga
45%
2016-2018Bulls984,7Paul Zipser
22%
2003-2015*Clippers, Hornets,
Mavs, Lakers,
Blazers
73511,2Chris Kaman
18%
2015-2017Jazz, Sixers122,0Tibor Pleiß
14%
1993-2005*Sixers, Nets,
Mavs
8328,1Shawn Bradley
11%
2013-2014Lakers20Elias Harris
10%
1987-1990Sixers, Spurs,
Warriors
1093,3Christian Welp
7%
2012-2013Rockets31,0Tim Ohlbrecht
7%
1985-1990Mavs, Warriors,
Spurs
2352,1Uwe Blab
7%
1946-1947Huskies, Celtics655,6Charlie Hoefer
3%
1946-1947Knicks233,8Frido Frey
3%

Verteilung der Resultate

Perzentil nach korrekt beantworteten Fragen

Anzahl Personen mit jedem Resultat

Ihre Resultats-Entwicklung

Sie haben dieses Quiz seit der letzten Aktualisierung nicht gespielt